000 00431nmm a2200157Ia 4500
008 251105s9999||||xx |||||||||||||||||und||
020 _a9788492509249
041 _aspa
100 _aBustelo, José Antonio
245 0 _aEquilibrio de tensiones
264 _a[Madrid, España] :
_bEquipo Sirius,
_c2009
300 _a127 páginas
650 _aSciences
856 _uhttps://public.digitaliapublishing.com/a/1194
942 _cCF
999 _c88835
_d88835